• 首页
  • 本馆介绍
  • 公告通知
  • 最新文献
  • 馆藏检索
  • 电子资源
  • 读者导购
  • 参考咨询
  • 我的图书馆
  • 登录
  • 详细信息显示
  • 放入我的书架
  • 预约/预借图书
  • 作者相关作品
  • 分类相关作品
  • 丛书相关作品
  • 出版社相关作品

书目信息

  • 表格格式
  • 工作单格式
  • 卡片格式
题名:
工笔花鸟画技法
    
 
作者: 李祯孝 编著
分册:  
出版信息: 重庆   西南师范大学出版社  1994
页数: 69,56页
开本: 26cm
丛书名:
单 册:
中图分类: J212.27
科图分类:
主题词: 工笔画∶花鸟画-技法(美术) , 花鸟画∶工笔画-技法(美术) , 技法(美术)-工笔画∶花鸟画
电子资源:
ISBN: 7-5621-1119-7
000 00758nam0 2200241 45
001 0195013581
005 20070703080345.81
010    @a7-5621-1119-7@dCNY22.00
100    @a19950420d1994 em y0chiy0121 ea
101 0  @achi
102    @aCN@b510000
105    @af z 000yy
200 10 @a工笔花鸟画技法@AGONG BI HUA NIAO HUA JI FA@f李祯孝编著@FLI ZHEN XIAO BIAN ZHU
210    @a重庆@c西南师范大学出版社@d1994
215    @a69,56页@c图@d26cm
540 1  @a工笔 花鸟@AGONG BI HUA NIAO
606    @a工笔画∶花鸟画-技法(美术)
606    @a花鸟画∶工笔画-技法(美术)
606    @a技法(美术)-工笔画∶花鸟画
690    @aJ212.27@v三版
701  0 @a李祯孝@ALI ZHEN XIAO@4编著
801  0 @aCN@bNLC@c20070703
905    @f1@b275106@dJ212.27@e105@b275108-109@f2
    
    工笔花鸟画技法/李祯孝编著.-重庆:西南师范大学出版社,1994
    69,56页:图;26cm
    
    
    ISBN 7-5621-1119-7:CNY22.00
    
●
相关链接 在E读中查询图书 在五车中查询图书 在当当中查询图书 在豆瓣中查询图书


正题名:工笔花鸟画技法     索取号:J212.27/105         预约/预借

序号 登录号 条形码 馆藏地/架位号 状态 备注
1 0267338   000797132   第一样本阅览室/ [索取号:J212.27/105] 在馆    
2 0275106   000797105   第一借阅区/ [索取号:J212.27/105] 在馆    
3 0275108   000797123   第一借阅区/ [索取号:J212.27/105] 在馆    
4 0661495   206614957   库房3/ [索取号:J212.27/105] 在馆    
5 0661496   206614966   库房3/ [索取号:J212.27/105] 在馆    
6 0661497   206614975   库房3/ [索取号:J212.27/105] 在馆    
7 0661498   206614984   库房3/ [索取号:J212.27/105] 在馆    
8 0661499   206614993   库房3/ [索取号:J212.27/105] 在馆    
9 0661500   206615000   库房3/ [索取号:J212.27/105] 在馆    
10 0661501   206615019   库房3/ [索取号:J212.27/105] 在馆    
11 0661502   206615028   库房3/ [索取号:J212.27/105] 在馆    
12 0661503   206615037   库房3/ [索取号:J212.27/105] 在馆    
13 0661504   206615046   库房3/ [索取号:J212.27/105] 在馆    
14 0661505   206615055   库房3/ [索取号:J212.27/105] 在馆    
15 0661506   206615064   库房3/ [索取号:J212.27/105] 在馆    
16 0661507   206615073   库房3/ [索取号:J212.27/105] 在馆    
17 0661508   206615082   库房3/ [索取号:J212.27/105] 在馆    
18 0661509   206615091   库房3/ [索取号:J212.27/105] 在馆    
19 0661510   206615108   库房3/ [索取号:J212.27/105] 在馆    
20 0661511   206615117   库房3/ [索取号:J212.27/105] 在馆    
21 0661512   206615126   库房3/ [索取号:J212.27/105] 在馆    
22 0661513   206615135   库房3/ [索取号:J212.27/105] 在馆    
23 0661514   206615144   库房3/ [索取号:J212.27/105] 在馆    
24 0661515   206615153   库房3/ [索取号:J212.27/105] 在馆    
25 0661516   206615162   库房3/ [索取号:J212.27/105] 在馆    
26 0661517   206615171   库房3/ [索取号:J212.27/105] 在馆    
27 0661518   206615180   库房3/ [索取号:J212.27/105] 在馆    
28 0661519   206615199   库房3/ [索取号:J212.27/105] 在馆    
29 0661520   206615206   库房3/ [索取号:J212.27/105] 在馆    
30 0661521   206615215   库房3/ [索取号:J212.27/105] 在馆    
31 0661522   206615224   库房3/ [索取号:J212.27/105] 在馆    
32 0764478   207644780   密集书库/ [索取号:J212.27/105] 在馆    
唐山师范学院图书馆 欢迎您!
大连网信软件有限公司© 版权所有